Unit operations.

Bibliographic Details
Main Author: Brown, George Granger, 1896-
Format: Book
Language:English
Published: New York : Wiley, [1950]
Subjects:

MARC

Tag First Indicator Second Indicator Subfields
LEADER 00000cam a2200000 4500
001 in00000099565
005 20150926125627.0
008 730228s1950 eng u
010 |a  50009846  
035 |a (OCoLC)00566259 
035 |9 AAL3986AM 
040 |c WSU  |d OCL  |d TXA  |d UtOrBLW 
049 |a TXAM  |c [1161446] 
090 |a TP155  |b .B7 
100 1 |a Brown, George Granger,  |d 1896- 
245 1 0 |a Unit operations. 
264 1 |a New York :  |b Wiley,  |c [1950] 
300 |a xii, 611 pages :  |b illustrations ;  |c 29 cm. 
336 |a text  |b txt  |2 rdacontent 
337 |a unmediated  |b n  |2 rdamedia 
338 |a volume  |b nc  |2 rdacarrier 
504 |a Includes bibliographies. 
650 0 |a Chemical engineering. 
999 |a MARS 
999 f f |s 2963d8c6-4e8b-366d-bd94-badede977a55  |i 25d10c31-a331-3015-bea1-d9a469922d2e  |t 0 
952 f f |p ric  |a Texas A&M University  |b Rellis Campus  |c Joint Library Facility  |d Remote Storage  |t 0  |e TP155 .B7  |h Library of Congress classification  |i unmediated -- volume  |m A14805596312 
998 f f |a TP155 .B7  |t 0  |l Remote Storage